00695nam a2200157Ia 4500008004100000020001800041082001900059100002800078245016300106260002200269300001000291440005900301650006400360952009600424999001700520120622s9999 xx 000 0 und d a970-704-033-5 a378.0372 M366l aMartínez Rizo, Felipe aLa federalización de la educación superior en México : alcances y limitaciones del proceso en la década de los años noventa / Felipe Martínez Rizo aMéxico : ANUIES a176 p aBiblioteca de la educación superior. Investigaciones a1. EDUCACIÓN SUPERIOR - MÉXICO - DESCENTRALIZACIÓNÌ 00104070a01b01d2009-01-26l0o378.0372 M366Lp01 011317r2012-06-24t1w2012-06-24yLB c60695d60695